Fr. Conceicao Rodrigues College of Engineering

Definitive Guide to ARM CORTEX-M3 and CORTEX-M4 processors (Record no. 34933)

MARC details
000 -LEADER
fixed length control field 00297nam a2200133Ia 4500
100 ## - MAIN ENTRY--PERSONAL NAME
Personal name Yiu/Joseph
245 ## - TITLE STATEMENT
Title Definitive Guide to ARM CORTEX-M3 and CORTEX-M4 processors
260 ## - PUBLICATION, DISTRIBUTION, ETC.
Name of publisher, distributor, etc. Elsevier
Date of publication, distribution, etc. 2014
300 ## - PHYSICAL DESCRIPTION
Extent 818
546 ## - LANGUAGE NOTE
Language note ENGLISH
650 ## - SUBJECT ADDED ENTRY--TOPICAL TERM
Topical term or geographic name entry element ARM cortex
942 ## - ADDED ENTRY ELEMENTS (KOHA)
Koha item type BOOK
Holdings
Withdrawn status Lost status Damaged status Not for loan Collection Home library Current library Date acquired Source of acquisition Total Checkouts Full call number Barcode Date last seen Price effective from Koha item type
        CRC Fr. Agnel's C.Rodrigues College of Engineering Fr. Agnel's C.Rodrigues College of Engineering 17/03/2023 Allied Publisher   25365 17/03/2023   BOOK